Catálogo

ORAL AND MAXILLOFACIAL PATHOLOGY : (Registro nro. 59530)

Detalles MARC
000 -LEADER
fixed length control field 00465nam a2200157 a 4500
001 - CONTROL NUMBER
control field 59530
005 - DATE AND TIME OF LATEST TRANSACTION
control field 20180714060519.0
008 - FIXED-LENGTH DATA ELEMENTS--GENERAL INFORMATION
fixed length control field 140415s2012 cc 000 0 eng d
020 ## - INTERNATIONAL STANDARD BOOK NUMBER
International Standard Book Number 9780867155129
041 ## - LANGUAGE CODE
Language code of text/sound track or separate title eng
082 ## - DEWEY DECIMAL CLASSIFICATION NUMBER
Classification number 617.522
Item number MAR
245 00 - TITLE STATEMENT
Title ORAL AND MAXILLOFACIAL PATHOLOGY :
Remainder of title A RATIONALE FOR DIAGNOSIS AND TREATMENT
250 ## - EDITION STATEMENT
Edition statement 2a ed.
260 ## - PUBLICATION, DISTRIBUTION, ETC.
Place of publication, distribution, etc. CHINA :
Name of publisher, distributor, etc. QUINTESSENCE PUBLISHING,
Date of publication, distribution, etc. 2012
300 ## - PHYSICAL DESCRIPTION
Extent 311
Dimensions 27.9 x 3.5 x 29.6
Existencias
Withdrawn status Lost status Source of classification or shelving scheme Damaged status Not for loan Collection code Home library Current library Shelving location Date acquired Source of acquisition Inventory number Total Checkouts Full call number Barcode Date last seen Date last checked out Price effective from Koha item type
    Dewey Decimal Classification     General Biblioteca Karol Wojtyla Biblioteca Karol Wojtyla Sala general 03/12/2013 Compra 151000000000000000009197 1 617.522 MAR 2012 89904 05/01/2026 10/07/2024 15/01/2015 Reserva permanente
    Dewey Decimal Classification     General Biblioteca Karol Wojtyla Biblioteca Karol Wojtyla Sala general 03/12/2013 Compra 151000000000000000009198   617.522 MAR 2012 89905 05/01/2026   15/01/2015 Reserva permanente